[Event "SRB Central-ch op-A 9th"]
[Site "Paracin"]
[Date "2016.07.12"]
[Round "6"]
[White "Sensay, Emin"]
[Black "Budimir, Boris"]
[Result "0-1"]
[WhiteElo "1881"]
[BlackElo "2272"]
[PlyCount "130"]
[EventDate "2016.07.07"]
[EventType "swiss"]
[EventRounds "9"]
[EventCountry "SRB"]
[SourceTitle "CBM 173 Extra"]
[Source "ChessBase"]
[SourceDate "2016.08.29"]
[SourceVersion "1"]
[SourceVersionDate "2016.08.29"]
[SourceQuality "1"]

1. e4 c5 2. Nf3 Nc6 3. Bb5 g6 4. 0-0 Bg7 5. c3 Nf6 6. Re1 0-0 7. d4 cxd4 8. cxd4 d5 9. e5 Ne4 10. Nc3 Nxc3 11. bxc3 Qa5 12. Qa4 Qxa4 13. Bxa4 Bf5 14. Ba3 Rfe8 15. c4 e6 16. cxd5 exd5 17. Rac1 Bd7 18. Bb3 Be6 19. Ba4 Rec8 20. Bxc6 bxc6 21. Bd6 Bf5 22. Rc3 Bh6 23. Re2 a5 24. Rb2 a4 25. Rb6 Bd7 26. Rc5 Bf8 27. Bxf8 Kxf8 28. h3 Rcb8 29. Ra5 Rxa5 30. Rxb8+ Ke7 31. Ne1 c5 32. dxc5 Rxc5 33. Nd3 Rb5 34. Ra8 Rb1+ 35. Kh2 Bb5 36. Nc5 Rb2 37. Ra7+ Kf8 38. e6 Rxf2 39. exf7 Rf6 40. Nd7+ Bxd7 41. Rxd7 Rf2 42. Rxd5 Kxf7 43. a3 Ra2 44. Rd3 Kf6 45. Re3 Kf5 46. Kg3 h5 47. Kf3 Rb2 48. g4+ hxg4+ 49. hxg4+ Kg5 50. Re5+ Kh4 51. Re8 Ra2 52. Re3 g5 53. Rd3 Rb2 54. Ke4 Rg2 55. Kf5 Rxg4 56. Rc3 Rf4+ 57. Ke5 Kh5 58. Rd3 Rf8 59. Rd1 g4 60. Rd7 g3 61. Ra7 Rg8 62. Rh7+ Kg4 63. Rh1 g2 64. Rg1 Kf3 65. Kd4 Rc8 0-1

[Event "SRB Central-ch op-A 9th"]
[Site "Paracin"]
[Date "2016.07.08"]
[Round "2"]
[White "Sensay, Emin"]
[Black "Jovanovic, Sasa T"]
[Result "1/2-1/2"]
[WhiteElo "1881"]
[BlackElo "2194"]
[PlyCount "60"]
[EventDate "2016.07.07"]
[EventType "swiss"]
[EventRounds "9"]
[EventCountry "SRB"]
[SourceTitle "CBM 173 Extra"]
[Source "ChessBase"]
[SourceDate "2016.08.29"]
[SourceVersion "1"]
[SourceVersionDate "2016.08.29"]
[SourceQuality "1"]

1. e4 e5 2. Nf3 Nc6 3. Bb5 a6 4. Ba4 Nf6 5. 0-0 b5 6. Bb3 Be7 7. Re1 d6 8. c3 0-0 9. h3 Na5 10. Bc2 c5 11. d3 Nc6 12. Nbd2 h6 13. Nf1 Be6 14. a4 b4 15. d4 exd4 16. cxd4 Nxd4 17. Nxd4 cxd4 18. Qxd4 b3 19. Bd3 Nd7 20. Ne3 Bf6 21. Qxd6 Ne5 22. Qxd8 Rfxd8 23. Be2 Nd3 24. Rd1 Nxc1 25. Raxc1 Bxb2 26. Rb1 Rxd1+ 27. Bxd1 Bd4 28. Bxb3 Bxe3 29. Bxe6 Bxf2+ 30. Kxf2 fxe6 1/2-1/2

[Event "Kemer Turkey Cup"]
[Site "Kemer"]
[Date "2014.02.07"]
[Round "8"]
[White "Annaberdiyev, Babageldi"]
[Black "Sensay, Emin"]
[Result "1-0"]
[WhiteElo "2284"]
[BlackElo "1801"]
[PlyCount "107"]
[EventDate "2014.02.01"]
[EventType "swiss"]
[EventRounds "9"]
[EventCountry "TUR"]
[SourceTitle "CBM 158 Extra"]
[Source "ChessBase"]
[SourceDate "2014.02.28"]
[SourceVersion "1"]
[SourceVersionDate "2014.02.28"]
[SourceQuality "1"]

1. d4 Nf6 2. Nf3 g6 3. Bg5 Bg7 4. Nbd2 0-0 5. e3 d6 6. Bc4 c6 7. a4 Nbd7 8. 0-0 Qc7 9. c3 h6 10. Bh4 e5 11. dxe5 dxe5 12. Qb1 Kh8 13. Qa2 Nc5 14. Bg3 Nfe4 15. Qa3 Nxg3 16. hxg3 Ne6 17. e4 Re8 18. Rfd1 Bd7 19. a5 Rad8 20. b4 Bc8 21. Qb3 Rd6 22. Bf1 Nf8 23. Nc4 Rxd1 24. Qxd1 Rd8 25. Qe1 Be6 26. Qe3 a6 27. Nfd2 Nd7 28. Nb3 Bxc4 29. Bxc4 Kg8 30. Qf3 Nf6 31. Nc5 Rd2 32. Bd3 Nd7 33. Qe3 Nxc5 34. bxc5 Rb2 35. Qc1 Rb5 36. Bxb5 cxb5 37. Qe3 Bf8 38. Rd1 Bxc5 39. Qxh6 Qxa5 40. Qh4 Qxc3 41. Rd8+ Bf8 42. Kh2 Qc5 43. f4 exf4 44. gxf4 b4 45. f5 Qe5+ 46. g3 Qb2+ 47. Kh3 Qb1 48. Qe7 Qf1+ 49. Kg4 Qe2+ 50. Kg5 Qe3+ 51. Kf6 Qc3+ 52. e5 Qc6+ 53. Qd6 Qxd6+ 54. exd6 1-0

[Event "TUR-ch"]
[Site "Antalya"]
[Date "2013.02.03"]
[Round "3"]
[White "Akin, Onur"]
[Black "Sensay, Emin"]
[Result "0-1"]
[WhiteElo "1848"]
[BlackElo "1638"]
[PlyCount "98"]
[EventDate "2013.02.02"]
[EventType "swiss"]
[EventRounds "11"]
[EventCountry "TUR"]
[SourceTitle "CBM 152 Extra"]
[Source "ChessBase"]
[SourceDate "2013.02.25"]
[SourceVersion "1"]
[SourceVersionDate "2013.02.25"]
[SourceQuality "1"]

1. d4 Nf6 2. Nf3 g6 3. Bf4 Bg7 4. e3 d6 5. h3 0-0 6. Be2 c6 7. 0-0 Qb6 8. Nc3 Qxb2 9. Qd2 Qb6 10. Rab1 Qd8 11. e4 Nbd7 12. Bh6 e5 13. Bxg7 Kxg7 14. dxe5 dxe5 15. Rfd1 Qe7 16. Qd6 Qxd6 17. Rxd6 Nc5 18. Nxe5 Ncxe4 19. Nxe4 Nxe4 20. Rd3 Re8 21. Nc4 Nc5 22. Re3 Rxe3 23. fxe3 Bf5 24. Nd6 Rd8 25. Nxf5+ gxf5 26. Bd3 Kf6 27. Kf1 Nxd3 28. Rd1 Ke5 29. Ke2 Rg8 30. Rxd3 Rxg2+ 31. Kf3 Rxc2 32. Rd7 Rb2 33. Rxf7 h5 34. Rh7 a5 35. Rxh5 Rxa2 36. Rh8 a4 37. h4 a3 38. h5 Rh2 39. Kg3 a2 40. Ra8 Rxh5 41. Rxa2 Ke4 42. Ra7 Rh7 43. Kf2 Rh2+ 44. Kg3 Rb2 45. Ra3 Re2 46. Ra4+ Kxe3 47. Ra3+ Ke4 48. Ra4+ Kd5 49. Rf4 Re5 0-1